[Event "Fajr-urmia"]
[Site "urmia"]
[Date "2015.02.23"]
[Round "9.8"]
[White "Derakhshani, Dorsa"]
[Black "Khalili, Saeid"]
[Result "1-0"]
[LiveChessVersion "1.4.4"]
[BlackElo "2109"]
[WhiteElo "2209"]

1. e4 {[%clk 1:21:58]} e5 {[%clk 1:30:56]} 2. Nf3 {[%clk 1:22:24]} Nf6
{[%clk 1:31:21]} 3. Nxe5 {[%clk 1:22:40]} d6 {[%clk 1:31:44]} 4. Nf3
{[%clk 1:23:06]} Nxe4 {[%clk 1:32:09]} 5. d4 {[%clk 1:23:31]} d5 {[%clk 1:32:32]}
6. Bd3 {[%clk 1:23:58]} Nc6 {[%clk 1:32:41]} 7. O-O {[%clk 1:24:13]} Be7
{[%clk 1:32:56]} 8. Re1 {[%clk 1:24:26]} Bg4 {[%clk 1:30:46]} 9. c4
{[%clk 1:21:52]} Bxf3 {[%clk 1:29:15]} 10. Qxf3 {[%clk 1:22:16]} Nf6
{[%clk 1:25:20]} 11. Qg3 {[%clk 1:20:28]} Nxd4 {[%clk 1:19:45]} 12. cxd5
{[%clk 1:10:09]} Qxd5 {[%clk 1:17:44]} 13. Qxc7 {[%clk 1:03:32]} Ne6
{[%clk 1:05:00]} 14. Qg3 {[%clk 0:53:04]} O-O {[%clk 0:59:42]} 15. Nc3
{[%clk 0:53:02]} Qd6 {[%clk 0:56:47]} 16. Qh3 {[%clk 0:46:15]} Rfd8
{[%clk 0:53:58]} 17. Bf5 {[%clk 0:44:03]} Nf8 {[%clk 0:51:38]} 18. Be3
{[%clk 0:38:36]} Qb4 {[%clk 0:46:28]} 19. Rab1 {[%clk 0:35:27]} Bc5
{[%clk 0:41:42]} 20. a3 {[%clk 0:34:34]} Qc4 {[%clk 0:41:50]} 21. b3
{[%clk 0:29:49]} Qxc3 {[%clk 0:40:16]} 22. Rec1 {[%clk 0:30:10]} Qe5
{[%clk 0:36:29]} 23. Rxc5 {[%clk 0:28:04]} Rd5 {[%clk 0:36:45]} 24. Rxd5
{[%clk 0:25:32]} Nxd5 {[%clk 0:36:49]} 25. Bd2 {[%clk 0:24:48]} Rd8
{[%clk 0:32:53]} 26. Qd3 {[%clk 0:22:40]} Qf6 {[%clk 0:31:52]} 27. Be4
{[%clk 0:21:53]} Nc7 {[%clk 0:23:45]} 28. Qe3 {[%clk 0:18:27]} b6
{[%clk 0:22:27]} 29. Bc3 {[%clk 0:18:41]} Qd6 {[%clk 0:22:21]} 30. Bb4
{[%clk 0:16:01]} Qd4 {[%clk 0:21:10]} 31. Qf3 {[%clk 0:15:56]} Nce6
{[%clk 0:21:16]} 32. Bc2 {[%clk 0:16:02]} Qf4 {[%clk 0:19:32]} 33. Qxf4
{[%clk 0:13:35]} Nxf4 {[%clk 0:20:01]} 34. Rd1 {[%clk 0:13:47]} Rc8
{[%clk 0:19:31]} 35. Bf5 {[%clk 0:14:10]} N4e6 {[%clk 0:18:24]} 36. Kf1
{[%clk 0:13:40]} Rc6 {[%clk 0:17:26]} 37. Be4 {[%clk 0:12:37]} Rc7
{[%clk 0:17:28]} 38. Ke2 {[%clk 0:12:46]} Nc5 {[%clk 0:16:18]} 39. Bd5
{[%clk 0:12:32]} a5 {[%clk 0:15:50]} 40. Bd2 {[%clk 0:12:22]} Nfe6
{[%clk 0:15:24]} 41. Be3 {[%clk 0:12:27]} Rd7 {[%clk 0:14:05]} 42. Bxe6
{[%clk 0:11:05]} fxe6 {[%clk 0:13:14]} 43. Bxc5 {[%clk 0:10:26]} Rxd1
{[%clk 0:13:31]} 44. Kxd1 {[%clk 0:10:52]} bxc5 {[%clk 0:13:55]} 45. Kd2
{[%clk 0:11:17]} Kf7 {[%clk 0:12:36]} 46. Kc3 {[%clk 0:11:32]} Ke7
{[%clk 0:12:13]} 47. Kc4 {[%clk 0:11:58]} Kd6 {[%clk 0:12:26]} 48. Kb5
{[%clk 0:12:24]} e5 {[%clk 0:12:03]} 49. Kxa5 {[%clk 0:12:34]} Kc6
{[%clk 0:12:23]} 50. a4 {[%clk 0:11:02]} e4 {[%clk 0:12:25]} 51. b4
{[%clk 0:10:43]} c4 {[%clk 0:12:26]} 52. b5+ {[%clk 0:11:10]} Kd5
{[%clk 0:12:18]} 53. Kb4 {[%clk 0:11:36]} Kd4 {[%clk 0:12:25]} 54. b6
{[%clk 0:12:01]} c3 {[%clk 0:12:18]} 55. b7 {[%clk 0:12:28]} c2 {[%clk 0:11:45]}
56. b8=Q {[%clk 0:12:53]} c1=Q {[%clk 0:12:12]} 57. Qd6# {[%clk 0:13:13]} 1-0

[Event "Fajr-urmia"]
[Site "urmia"]
[Date "2015.02.23"]
[Round "9.9"]
[White "Firouzja, Alireza"]
[Black "Gholami Orimi, Mahdi"]
[Result "1/2-1/2"]
[LiveChessVersion "1.4.4"]
[BlackElo "1925"]
[WhiteElo "2305"]

1. Nf3 {[%clk 1:30:19]} Nf6 {[%clk 1:30:43]} 2. c4 {[%clk 1:30:44]} e6
{[%clk 1:30:38]} 3. Nc3 {[%clk 1:30:32]} d5 {[%clk 1:25:56]} 4. d4
{[%clk 1:30:39]} c6 {[%clk 1:24:50]} 5. e3 {[%clk 1:30:52]} Bd6 {[%clk 1:24:36]}
6. Qc2 {[%clk 1:31:14]} Nbd7 {[%clk 1:21:16]} 7. Bd3 {[%clk 1:31:10]} dxc4
{[%clk 1:19:06]} 8. Bxc4 {[%clk 1:31:33]} b5 {[%clk 1:19:09]} 9. Bd3
{[%clk 1:31:57]} O-O {[%clk 1:15:44]} 10. O-O {[%clk 1:30:43]} Bb7
{[%clk 1:14:38]} 11. a3 {[%clk 1:28:20]} Qe7 {[%clk 1:10:54]} 12. Rb1
{[%clk 1:26:23]} a5 {[%clk 1:04:39]} 13. Bd2 {[%clk 1:20:01]} b4 {[%clk 0:58:16]}
14. axb4 {[%clk 1:01:25]} axb4 {[%clk 0:57:51]} 15. e4 {[%clk 0:48:41]} bxc3
{[%clk 0:47:36]} 16. bxc3 {[%clk 0:49:05]} Ba6 {[%clk 0:47:43]} 17. Bxa6
{[%clk 0:48:23]} Rxa6 {[%clk 0:48:11]} 18. e5 {[%clk 0:48:44]} c5
{[%clk 0:44:56]} 19. exd6 {[%clk 0:48:21]} Qxd6 {[%clk 0:44:55]} 20. dxc5
{[%clk 0:47:38]} Nxc5 {[%clk 0:43:45]} 21. Be3 {[%clk 0:45:11]} Rc8
{[%clk 0:43:34]} 22. Rfd1 {[%clk 0:44:40]} Qc7 {[%clk 0:42:29]} 23. Bd4
{[%clk 0:44:43]} Ncd7 {[%clk 0:42:09]} 24. Qe2 {[%clk 0:38:06]} Rc6
{[%clk 0:35:53]} 25. Rbc1 {[%clk 0:33:32]} h6 {[%clk 0:35:20]} 26. g3
{[%clk 0:23:34]} Nd5 {[%clk 0:28:29]} 27. Rc2 {[%clk 0:20:04]} N5b6
{[%clk 0:26:20]} 28. Rcd2 {[%clk 0:16:18]} Nc4 {[%clk 0:24:20]} 29. Ra2
{[%clk 0:16:19]} Ndb6 {[%clk 0:20:44]} 30. Re1 {[%clk 0:14:37]} f6
{[%clk 0:18:34]} 31. Rea1 {[%clk 0:09:45]} e5 {[%clk 0:14:49]} 32. Ra7
{[%clk 0:10:06]} Qd6 {[%clk 0:13:36]} 33. Bxb6 {[%clk 0:08:54]} Nxb6
{[%clk 0:13:33]} 34. Rd1 {[%clk 0:08:18]} Qe6 {[%clk 0:07:07]} 35. Qe4
{[%clk 0:07:52]} f5 {[%clk 0:05:48]} 36. Qxe5 {[%clk 0:05:27]} Qxe5
{[%clk 0:06:15]} 37. Nxe5 {[%clk 0:05:50]} Rxc3 {[%clk 0:06:44]} 38. Kg2
{[%clk 0:05:29]} R3c7 {[%clk 0:06:53]} 39. Ra6 {[%clk 0:05:49]} Nc4
{[%clk 0:06:40]} 40. Ng6 {[%clk 0:06:07]} Kh7 {[%clk 0:03:51]} 41. Nf4
{[%clk 0:04:32]} Rc6 {[%clk 0:03:28]} 42. Ra7 {[%clk 0:04:40]} R6c7
{[%clk 0:03:38]} 43. Ra2 {[%clk 0:04:39]} Re7 {[%clk 0:02:44]} 44. Nd5
{[%clk 0:03:38]} Rf7 {[%clk 0:02:33]} 45. h4 {[%clk 0:03:22]} Rcf8
{[%clk 0:01:44]} 46. h5 {[%clk 0:03:08]} Ne5 {[%clk 0:02:00]} 47. Re2
{[%clk 0:03:27]} Ng4 {[%clk 0:02:06]} 48. Nf4 {[%clk 0:03:41]} Rc8
{[%clk 0:01:50]} 49. Rd5 {[%clk 0:03:58]} Rc3 {[%clk 0:00:51]} 50. Rd8
{[%clk 0:03:55]} Nf6 {[%clk 0:01:07]} 51. Ra2 {[%clk 0:03:53]} Rd7
{[%clk 0:01:13]} 52. Rb8 {[%clk 0:04:16]} g5 {[%clk 0:01:05]} 53. hxg6+
{[%clk 0:04:34]} Kg7 {[%clk 0:01:30]} 54. Ne6+ {[%clk 0:04:54]} 1/2-1/2

[Event "Fajr-urmia"]
[Site "urmia"]
[Date "2015.02.23"]
[Round "9.10"]
[White "Tarazooyeadl, Mojtaba"]
[Black "Shamsi, Gholamreza"]
[Result "1/2-1/2"]
[LiveChessVersion "1.4.4"]
[BlackElo "2028"]
[WhiteElo "2210"]

1. e4 {[%clk 1:30:13]} e5 {[%clk 1:30:44]} 2. Nf3 {[%clk 1:30:32]} Nc6
{[%clk 1:30:44]} 3. Bb5 {[%clk 1:30:55]} Nf6 {[%clk 1:30:42]} 4. Nc3
{[%clk 1:30:07]} Bc5 {[%clk 1:28:31]} 5. O-O {[%clk 1:30:16]} d6 {[%clk 1:28:47]}
6. d4 {[%clk 1:30:12]} exd4 {[%clk 1:29:08]} 7. Nxd4 {[%clk 1:30:37]} Bd7
{[%clk 1:29:25]} 8. Nf5 {[%clk 1:31:01]} O-O {[%clk 1:28:47]} 9. Bg5
{[%clk 1:31:10]} Bxf5 {[%clk 1:26:20]} 10. exf5 {[%clk 1:30:44]} h6
{[%clk 1:23:53]} 11. Bh4 1/2-1/2